000 00613nam a2200217Ia 4500
003 GCL
008 140319s9999 xx 000 0 eng d
040 _aGCL /
_cGCL
082 0 4 _a660
_bG C
100 1 _aGUPTA, OM PRAKASH
245 1 0 _aCHEMICAL ENGINEERING /
_cGUPTA, OM PRAKASH
260 _a[S.N] :
_bKHANNA PUBLISHERS ،
_c1994
300 _a496\P
490 _aOBJECTIVE TYPE QUESTIONS AND ANSWER
_v0
650 0 4 _aالتحليل الرياضى
650 0 4 _aCHEMICAL PROCESSING OF FIBERS
650 0 4 _aCHEMISTRY
650 0 4 _aCHEMICAL ENGINEERING
650 0 4 _aCHEMICAL PROCESS
942 _2ddc
_cBK
999 _c20174
_d20174